Annie Jordan (Record no. 122015)

MARC details
000 -LEADER
campo de control de longitud fija 00502nam a2200157 4500
001 - NÚMERO DE CONTROL
campo de control 122015
003 - IDENTIFICADOR DE NÚMERO DE CONTROL
campo de control ES-MaACL
007 - CAMPO FIJO DE DESCRIPCIÓN FÍSICA--INFORMACIÓN GENERAL
campo de control de longitud fija t|
008 - DATOS DE LONGITUD FIJA--INFORMACIÓN GENERAL
campo de control de longitud fija 070214s1953 sp r ||||1| spa d
100 1# - ENTRADA PRINCIPAL--NOMBRE DE PERSONA
Nombre de persona Post, Mary Brinker.
9 (RLIN) 93352
245 10 - MENCIÓN DEL TÍTULO
Título Annie Jordan
Resto del título : una novela de la ciudad de Seattle /
Mención de responsabilidad, etc. Mary Brinker Post ; versión española de Alfredo Antonino.
260 ## - PUBLICACIÓN, DISTRIBUCIÓN, ETC.
Lugar de publicación, distribución, etc. Madrid :
Nombre del editor, distribuidor, etc. Tesoro,
Fecha de publicación, distribución, etc. 1953.
300 ## - DESCRIPCIÓN FÍSICA
Extensión 343 p. ;
Dimensiones 20 cm.
700 1# - ENTRADA AGREGADA--NOMBRE PERSONAL
Nombre de persona Antonino, Alfredo.
9 (RLIN) 21973
852 ## - LOCALIZACIÓN
Ubicación ES-MaACL
Número de control de estantería C-7327
Sublocalización o colección R.35644
Holdings
Estatus retirado Estado de pérdida Estado de daño No para préstamo Biblioteca de origen Biblioteca actual Ubicación en estantería Fecha de adquisición Fuente de adquisición Total de préstamos Signatura topográfica completa Código de barras Visto por última vez Precio de reemplazo Tipo de ítem Koha
        Biblioteca del Ateneo de Madrid Biblioteca del Ateneo de Madrid Sala Palomar 17/01/2008     C-7327 1127154 23/02/2023 23/02/2023 Libro impreso